000
00237nam a2200097Ia 4500
008
220204s9999 xx 000 0 und d
082
_a
633.352
_b
COF
245
0
_a
Tale of beans in berries
260
_a
Bangalore
_b
Coffee Board
942
_c
BK
999
_c
22184
_d
22184